000 01360nam a22003257a 4500
999 _c95914
_d95914
005 20190514103508.0
010 _a1516EN07 ENG-114913 B-728298
020 _a9789385401350
_c550.00
020 _a9789385401350
_c595.00 (AV)
020 _c625.00
035 _aEN-98445
035 _aB-612927-954
035 _aB-668024
035 _aB-728298
037 _bTechniz
037 _bDBAD/PUB
037 _bAksharesh Enterprises
082 _a339
100 _aAhuja,H.L.
245 _aMacroeconomics: theory and policy /
_cby H.L. Ahuja
250 _a20th rev.ed.
260 _aNew Delhi
_bS.Chand
_c2015
_c2018 (repr.)
270 _a7361, Ram Nagar, Qutab Road
_bNew Delhi
_e110055
300 _axvi, 936p.:
_c24cm(pbk)
500 _aBased mainly on UGC Model curriculum
942 _2ddc
_cEN
_mAHU
_h339